000 00705nam a2200265Ia 4500
003 OSt
005 20221007110928.0
006 a|||||r|||| 00| 0
007 ta
008 221006b |||||||| |||| 00| 0 eng d
020 _a817504022X
024 _a22,173
037 _cTextual
040 _aLCO
_cLCO
_beng
041 _2eng
_aeng
082 _aZ2,7,41, N9
100 _aBoon Andy
_9686150
245 0 _aAdvocacy
260 _aNew
_bDelhi Lawman (India) Private Limited India
_c1999
300 _a228
650 _aADVOCACY
_9693287
700 _a Macfarlane Julie Ed.
_9708013
942 _hZ2,7,41, N9
_cTEXL
999 _c1191736
_d1191736